Alle landen waar een T in zit. - Statistieken

Algemene statistieken
  • Deze quiz is 100 keer genomen
    90 sinds de laatste reset
  • De gemiddelde score is 49 van 62
Antwoordstatistieken
Antwoord % Correct
Argentinië
95%
Duitsland
95%
Kazachstan
90%
Pakistan
90%
Tanzania
90%
Thailand
90%
Tsjechië
90%
Turkije
90%
Turkmenistan
90%
Zwitserland
90%
Afghanistan
86%
Centraal-Afrikaanse Republiek
86%
Egypte
86%
Estland
86%
Guatemala
86%
Italië
86%
Letland
86%
Liechtenstein
86%
Litouwen
86%
Malta
86%
Montenegro
86%
Portugal
86%
Taiwan
86%
Tunesië
86%
Tuvalu
86%
Verenigde Arabische Emiraten
86%
Vietnam
86%
Australië
81%
Djibouti
81%
Mauritanië
81%
Oostenrijk
81%
Tadzjikistan
81%
Togo
81%
Bhutan
76%
Botswana
76%
Costa Rica
76%
Eritrea
76%
Ethiopië
76%
Haïti
76%
Koeweit
76%
Kroatië
76%
Oezbekistan
76%
Saint Lucia
76%
Saint Vincent en de Grenadines
76%
Trinidad en Tobago
76%
Vaticaanstad
76%
Verenigde Staten
76%
Democratische Republiek Congo
71%
Eswatini
71%
Lesotho
71%
Qatar
71%
Saint Kitts en Nevis
71%
Sao Tomé en Principe
71%
Tsjaad
71%
Ivoorkust
67%
Mauritius
67%
Oost-Timor
67%
Vanuatu
67%
Antigua en Barbuda
62%
Kiribati
62%
Equatoriaal-Guinea
57%
Wit-Rusland
52%
Geen overeenkomende quizzen gevonden
Scoreverdeling
Procent van Mensen met Elke Score
Percentiel versus Aantal Correcte Antwoorden
Uw Scoregeschiedenis
U heeft deze quiz nog niet genomen sinds de laatste reset